| 000 | 00699nam0a22002411 4500 | ||
|---|---|---|---|
| 001 | rc\1063137 | ||
| 005 | 20250622095306.0 | ||
| 035 | _a(NLR Aleph) 006223698 | ||
| 090 |
_a6497399 _c6497399 |
||
| 100 | _a20041129d1980 |||y0rusy50 ca | ||
| 101 | 0 | _arus | |
| 102 | _aRU | ||
| 105 | _ay ||||||||| | ||
| 200 | 1 |
_aГОЭЛРО - 60 лет _fД.Г. Жимерин, чл.-кор. АН СССР |
|
| 210 |
_aМ. _cЗнание _d1980 |
||
| 215 |
_a72 с. _d21 |
||
| 225 | 1 | _aВ помощь лектору | |
| 700 | 1 |
_aЖимерин _bД.Г. _f1906- _gДмитрий Георгиевич |
|
| 801 | 0 |
_aRU _bNLR _gpsbo |
|
| 801 | 1 |
_aRU _bELAR _2rusmarc |
|
| 852 |
_aNLR _j81-4/5767 |
||
| 942 | _cBOOK | ||
| 980 | _aNB | ||